New horizon English course 1 /
محفوظ في:
| التنسيق: | كتاب |
|---|---|
| منشور في: |
125tr,
26cm.
|
| الموضوعات: | |
| الوسوم: |
إضافة وسم
لا توجد وسوم, كن أول من يضع وسما على هذه التسجيلة!
|
| Thư viện lưu trữ: | Mạng thư viện Đại học Đà Nẵng |
|---|
| LEADER | 00790nam a22002411a 4500 | ||
|---|---|---|---|
| 001 | 000037117 | ||
| 003 | 13412 | ||
| 005 | 20220722151219.0 | ||
| 008 | 160412s0 000 | ||
| 020 | |a 4487121515 | ||
| 082 | |a 420 |b SH-T | ||
| 245 | 0 | |a New horizon English course 1 / |c Shoseki, Tokyo. | |
| 260 | |a 125tr, |c 26cm. | ||
| 653 | |a New horizon |a English course 1 | ||
| OWN | |a LNN | ||
| AVA | |a UDN50 |b LNN |c English |d 420SH-T |e available |t Error 5001 Not defined in file expand_doc_bib_avail. |f 1 |g 0 |h N |i 0 |j AN | ||
| 999 | |a From the UDN01 | ||
| AVA | |a UDN50 |b LNN |c English |d 420SH-T |e available |t Error 5001 Not defined in file expand_doc_bib_avail. |f 1 |g 0 |h N |i 0 |j AN | ||
| TYP | |a Monograph | ||
| 980 | |a Mạng thư viện Đại học Đà Nẵng | ||


